| 000 | 00772nam a22002777a 4500 | ||
|---|---|---|---|
| 001 | 8923 | ||
| 003 | FISKH | ||
| 005 | 20251110083944.0 | ||
| 008 | 251110b cb ||||| |||| 00| 0 eng d | ||
| 020 | _a9781617418815 | ||
| 040 |
_aFISKH _beng _cFISKH _dFISKH |
||
| 050 | _aPZ7.R43 J | ||
| 082 | _a513.2 | ||
| 100 | _aReasoner, Charles | ||
| 245 |
_aJungle : _bNumber find / _cby Charles Reasoner |
||
| 260 |
_aNordica : _bRourke, _c2011. |
||
| 300 |
_a8 unnumbered pages : _bcolor illustrations ; _c14 cm |
||
| 505 | _aaa | ||
| 520 | _aIntroduces a variety of jungle animals. | ||
| 521 | 8 |
_a10
_bLexile estimate |
|
| 521 | 8 |
_aaa
_bRaz-Plus |
|
| 650 |
_aAnimals _vCounting |
||
| 700 |
_aMyer, Ed _eillustrator |
||
| 942 |
_2ddc _cBK _n0 |
||
| 999 |
_c8923 _d8923 |
||